Statystyki dla Marki ciągników

Kliknij tutaj aby rozwiązać quiz!

Ogólne statystyki

  • Ten quiz został rozwiązany 82 razy
  • Średni wynik to 7 z 13

Statystyki odpowiedzi

Odpowiedź% Poprawnych
Ursus
97%
Zetor
88%
John Deere
83%
New Holland
78%
Claas
71%
Fendt
65%
Case IH
60%
Massey-Ferguson
57%
Deutz-Fahr
34%
Valtra
34%
Renault
32%
Steyr
17%
Same
2%

Rozkład punktacji

Percentyl według liczby udzielonych odpowiedzi

Procent ludzi z każdym wynikiem

Twoja historia wyników

Nie rozwiązałeś tego quizu